Responses for Show #3872 - Tuesday, June 5, 2001

Contestants

[<< previous game]

Bob Kennelly, an executive from Moultonborough, New Hampshire

Kathy Bubbeo, a freelance editor from East Meadow, New York

Jason Block, an Internet researcher from Brooklyn, New York (whose 1-day cash winnings total $4,000)

[next game >>]

Jeopardy! Round responses

PRICELINE
AMAZON
REAL AUDIO
I WON
THE ONION
"E" BAY
    $100 18
A penny

Bob
    $100 13
Atlantic Ocean

Kathy
    $100 6
Chuck Berry

Jason
    $100 1
Hannibal

Jason
    $100 25
Tears

Jason
    $100 8
Easel

Bob
    $200 19
London Bridge

Jason
    $200 14
Piranha

Bob
    $200 7
Barbra Streisand

Kathy
    $200 2
Strom Thurmond

Jason
    $200 26
Pearl onions

Jason
    $200 9
Effigy

Jason
    $300 20
Nickelodeons

Jason
    $300 23
Brazil

Jason
    $300 10
No Doubt

Jason
    $300 3
Elie Wiesel

Jason
    $300 27
Ulysses S. Grant

Bob
    $300 15
Chris Evert

Jason
    $400 21
John F. Kennedy

Jason
    $400 24
(Bob: What is Portugal?)
...
(Alex: Less than a minute to go now.)

Spain

KathyBob
    $400 11
(Jason: I've watched Benny Hill for years!)

saxophone

Jason
    $600 4
(Jason: Who is Scopes?)
...
(Alex: Scopes was the defendant; he was accused by [*].)
(Jason: Oh well.)
(Alex: And he was defended by Clarence Darrow.)

William Jennings Bryan

Jason
    $400 28
Leek

Triple Stumper
    $400 16
Emblem

Triple Stumper
    $500 22
A dime

Bob
    $500 30
Anacondas

Jason
    $500 12
Grease

Jason
    $500 5
(Bob: Who is Oliver Wendell Perry?)
...
(Alex: Bob, you kind of got two Americans mixed up, Oliver Wendell Holmes and [*]. If you had said "Oliver Perry", you would have been right.)

Oliver Hazard Perry

Bob
Triple Stumper
    $500 29
Maui onions

Triple Stumper
    $500 17
Estonia

Jason

Scores at the first commercial break (after clue 14):

Jason Kathy Bob
$1,500 $300 -$200

Scores at the end of the Jeopardy! Round:

Jason Kathy Bob
$4,300 $700 $300

Double Jeopardy! Round responses

ARTISTS & THEIR WORKS
THE FILM VAULT
DEAR JOHN
AUTHOR! AUTHOR!
GREASY SPOON PHRASE BOOK
FILL 'ER UP?
    $200 15
(Bob: Who is Somerset Maughan?)

Somerset Maugham

Bob
Triple Stumper
    $200 19
The Ten Commandments

Jason
    $200 7
John Barrymore

Jason
    $200 26
E.L. Doctorow

Jason
    $200 1
Coffee

Bob
    $200 5
Texaco

Jason
    $400 16
Lazarus

Kathy
    $400 20
(Kathy: Who is Julius Caesar?)
...
(Alex: Rex Harrison played Julius Caesar.)

Mark Antony

JasonKathy
    $400 11
John Sutter

Jason
    $400 30
Herman Wouk

Jason
    $400 2
Bacon. Lettuce & Tomato (without the mayonnaise)

Bob
    $400 6
Standard Oil

Kathy
    $2,100 17
Alexander Calder

Kathy
    $600 21
Rebel Without A Cause

Jason
    $600 12
(Jason: Who is John Smith?)

John Alden

JasonKathy
    $600 29
Henry Fielding

Triple Stumper
    $600 3
Toast

Bob
    $1,500 8
Texas

Jason
    $800 18
Francisco Goya

Jason
    $800 22
(Jason: Who is Greta Garbo?)

Ingrid Bergman

JasonKathy
    $800 13
John Bunyan

Kathy
    $800 28
(Jason: Who is V.C. Andrews?)

Isabel Allende

JasonKathy
    $800 4
Salt & pepper

Jason
    $800 9
Sunoco

Jason
    $1000 23
(Alex: We have a minute to go, Kathy.)

Frans Hals

Triple Stumper
    $1000 24
The Man With the Golden Arm

Kathy
    $1000 14
John Andre

Triple Stumper
    $1000 27
Edith Wharton

Bob
    $1000 25
Scrambled eggs

Bob
    $1000 10
Marathon Oil

Triple Stumper

Scores at the end of the Double Jeopardy! Round:

Jason Kathy Bob
$8,600 $7,200 $3,300

[wagering suggestions for these scores]

Final Jeopardy! Round responses

TELEVISION
BobWhat is [Once And] Brady Bunch
$2,700
KathyWhat is The Brady Bunch?
$2,800
JasonWhat is The Brady Bunch?
$5,801
The Brady Bunch

Final scores:

Jason Kathy Bob
$14,401 $10,000 $6,000
2-day champion: $18,401 2nd place: Trip/Viking Cruise down European Rivers 3rd place: Panasonic Mini Digital Camcorder

Game dynamics:

Coryat scores:

Jason Kathy Bob
$8,300 $5,700 $3,300
29 R
(including 1 DD),
4 W
(including 1 DD)
11 R
(including 1 DD),
1 W
10 R,
3 W

Combined Coryat: $17,300

[game clues] [game scores] [suggest correction]

Game tape date: 2001-02-21
The J! Archive is created by fans, for fans. Scraping, republication, monetization, and malicious use prohibited; this site may use cookies and collect identifying information. See terms. The Jeopardy! game show and all elements thereof, including but not limited to copyright and trademark thereto, are the property of Jeopardy Productions, Inc. and are protected under law. This website is not affiliated with, sponsored by, or operated by Jeopardy Productions, Inc. Join the discussion at JBoard.tv.